<?xml version="1.0" encoding="UTF-8"?>
<marc:record xmlns:marc="http://www.loc.gov/MARC21/slim">
   <marc:leader>00000nam a2200000 a 4500</marc:leader>
   <marc:datafield ind1="1" ind2=" " tag="100">
      <marc:subfield code="a">Vospernik, Cornelia</marc:subfield>
      <marc:subfield code="4">aut</marc:subfield>
      <marc:subfield code="e">Verfasser/-in</marc:subfield>
   </marc:datafield>
   <marc:datafield ind1=" " ind2=" " tag="653">
      <marc:subfield code="a">China</marc:subfield>
   </marc:datafield>
   <marc:datafield ind1="0" ind2="0" tag="245">
      <marc:subfield code="a">China live</marc:subfield>
   </marc:datafield>
   <marc:datafield ind1="0" ind2="0" tag="245">
      <marc:subfield code="b">Alltagsleben zwischen Tradition und Hightech</marc:subfield>
   </marc:datafield>
   <marc:datafield ind1="0" ind2="0" tag="245">
      <marc:subfield code="c">Karim El-Gawhary</marc:subfield>
   </marc:datafield>
   <marc:datafield ind1=" " ind2="1" tag="264">
      <marc:subfield code="a">Wien</marc:subfield>
      <marc:subfield code="b">Kremayr und Scheriau</marc:subfield>
      <marc:subfield code="c">2008</marc:subfield>
   </marc:datafield>
   <marc:datafield ind1="1" ind2=" " tag="520">
      <marc:subfield code="a">Das Alltagsleben in China aus dem Blickwinkel der bekannten Auslandskorrespondentin. (ER) Cornelia Vospernik leitet seit Anfang 2007 das ORF-Büro in China. In diesem Buch schildert sie aus ihrem persönlichen Blickwinkel das Alltagsleben der Chinesen. Dieser Umstand ist deshalb erwähnenswert, weil in dieser Perspektive europäische und journalistische Wahrnehmung verschmelzen und der Leser einen unmittelbaren Zugang zu der brutalen chinesischen Wirklichkeit erhält. Alltag in China bedeutet, mit dem Kommunismus konfrontiert zu sein, einem in unseren Augen veralteten System, das uns kaum ängstigt, vielmehr verachten wir es. Alltag in China heißt mit Menschen zu arbeiten, die keinen Begriff für Werte wie Individualität und Persönlichkeit haben. In China ist der Überlebenskampf Alltag, das Überleben des Ichs gegen die Masse und gegen das System. Vospernik begegnet dem mit einem ironisch-süffisanten Plauderton und hält ihre Schilderungen sehr persönlich, wodurch der Leser einen nicht uninteressanten Einblick in den Beruf des Auslandskorrespondenten bekommt. *bn* Bettina Huber</marc:subfield>
   </marc:datafield>
   <marc:datafield ind1=" " ind2=" " tag="020">
      <marc:subfield code="a">97832180078</marc:subfield>
      <marc:subfield code="9">97832180078</marc:subfield>
   </marc:datafield>
   <marc:datafield ind1=" " ind2=" " tag="020">
      <marc:subfield code="a">3218007844</marc:subfield>
      <marc:subfield code="9">3218007844</marc:subfield>
   </marc:datafield>
   <marc:datafield ind1=" " ind2=" " tag="300">
      <marc:subfield code="a">222 S.</marc:subfield>
   </marc:datafield>
</marc:record>
